header

Tensions of empire (Record no. 116813)

MARC details
000 -LEADER
fixed length control field 01532nam a2200397Ia 4500
245 00 - TITLE STATEMENT
Title Tensions of empire
260 ## - PUBLICATION, DISTRIBUTION, ETC. (IMPRINT)
Place of publication Berkeley :
Name of publisher University of CA Press,
Year of publication c1997.
300 ## - PHYSICAL DESCRIPTION
Number of Pages xii, 470 p. :
Other physical details ill., map.
650 #0 - SUBJECT ADDED ENTRY--TOPICAL TERM
Topical Term History, Modern
Topical Term History, Modern
Topical Term Imperialism
Topical Term Imperialism
Topical Term Colonies.
700 1# - ADDED ENTRY--PERSONAL NAME
Personal name Cooper, Frederick,
Personal name Stoler, Ann Laura.
856 40 - ELECTRONIC LOCATION AND ACCESS
Uniform Resource Identifier http://site.ebrary.com/lib/rucke/Doc?id=10508831

No items available.

© 2026 Rongo University
Contact us: librarian | system librarian | Rongo university